MARC

Tag First Indicator Second Indicator Subfields
LEADER 00000cam a2200000 a 4500
001 in00002192221
005 20151104083030.0
008 850916s1983 caua b 000 0 eng d
035 |a (OCoLC)ocm12559594 
040 |a EYW  |c EYW  |d TXA  |d UtOrBLW 
049 |a TXAM 
090 |a BF311  |b .K29 1983 
100 1 |a Kay, Paul,  |d 1934- 
245 1 0 |a What is the Sapir-Whorf hypothesis? /  |c by Paul Kay and Willett Kempton. 
264 1 |a Berkeley :  |b Cognitive Science Program, Institute of Cognitive Studies, University of California at Berkeley,  |c 1983. 
300 |a 27 pages :  |b illustrations ;  |c 28 cm. 
336 |a text  |b txt  |2 rdacontent 
337 |a unmediated  |b n  |2 rdamedia 
338 |a volume  |b nc  |2 rdacarrier 
490 1 |a Berkeley Cognitive Science report ;  |v no. 8 
500 |a "Supported by grant BNS 78-15900 from the National Science Foundation"--Title page. 
504 |a Includes bibliographical references (pages 26-27). 
536 |a From the Department of Anthropology, Center for the Study of the First Americans, February 2005. 
650 0 |a Sapir-Whorf hypothesis. 
700 1 |a Kempton, Willett. 
710 2 |a University of California, Berkeley.  |b Institute of Cognitive Studies. 
710 2 |a University of California, Berkeley.  |b Cognitive Science Program. 
830 0 |a Berkeley Cognitive Science report ;  |v no. 8. 
948 |a cataloged  |b h  |c 2006/10/30  |d c  |e dmitchel  |f 12:44:18 pm 
994 |a C0  |b TXA 
999 |a MARS 
999 f f |s 7476d7ef-8639-39f5-aacd-6ee0a51fd754  |i d15bb89d-9b10-3712-a5f9-8b97c26e9452  |t 0 
952 f f |p ric  |a Texas A&M University  |b Rellis Campus  |c Joint Library Facility  |d Remote Storage  |t 0  |e BF311 .K29 1983  |h Library of Congress classification  |i unmediated -- volume  |m A14834915933 
998 f f |a BF311 .K29 1983  |t 0  |l Remote Storage